<?xml version="1.0" encoding="UTF-8"?>
<record
    xmlns:xsi="http://www.w3.org/2001/XMLSchema-instance"
    xsi:schemaLocation="http://www.loc.gov/MARC21/slim http://www.loc.gov/standards/marcxml/schema/MARC21slim.xsd"
    xmlns="http://www.loc.gov/MARC21/slim">

  <leader>00457nam a2200169   4500</leader>
  <controlfield tag="003">SEACOMMC</controlfield>
  <controlfield tag="005">20250429145711.0</controlfield>
  <controlfield tag="008">241228b        |||||||| |||| 00| 0 eng d</controlfield>
  <datafield tag="020" ind1=" " ind2=" ">
    <subfield code="a"> 978-81-2590-337-6</subfield>
    <subfield code="c">Rs.300.00</subfield>
  </datafield>
  <datafield tag="040" ind1=" " ind2=" ">
    <subfield code="a">SEACOMMC</subfield>
  </datafield>
  <datafield tag="082" ind1=" " ind2=" ">
    <subfield code="a"> 658 </subfield>
    <subfield code="b">C 454</subfield>
  </datafield>
  <datafield tag="100" ind1=" " ind2=" ">
    <subfield code="a"> Chandan,J.S.</subfield>
  </datafield>
  <datafield tag="245" ind1="1" ind2=" ">
    <subfield code="a">Management Concepts and Strategies</subfield>
    <subfield code="c">J.S Chandan</subfield>
  </datafield>
  <datafield tag="260" ind1=" " ind2=" ">
    <subfield code="a"> New Delhi</subfield>
    <subfield code="b"> Vikas publishing House </subfield>
    <subfield code="c"> 1997</subfield>
  </datafield>
  <datafield tag="650" ind1=" " ind2=" ">
    <subfield code="a"> Management</subfield>
  </datafield>
  <datafield tag="942" ind1=" " ind2=" ">
    <subfield code="c">BOOK</subfield>
  </datafield>
  <datafield tag="952" ind1=" " ind2=" ">
    <subfield code="0">0</subfield>
    <subfield code="1">0</subfield>
    <subfield code="2">ddc</subfield>
    <subfield code="4">0</subfield>
    <subfield code="7">0</subfield>
    <subfield code="a">SEACOMMC</subfield>
    <subfield code="b">SEACOMMC</subfield>
    <subfield code="c">REF</subfield>
    <subfield code="d">2007-12-15</subfield>
    <subfield code="l">0</subfield>
    <subfield code="o"> 658  C 454</subfield>
    <subfield code="p">M-1408</subfield>
    <subfield code="r">2024-12-28 14:29:00</subfield>
    <subfield code="w">2024-12-28</subfield>
    <subfield code="y">BOOK</subfield>
  </datafield>
  <datafield tag="952" ind1=" " ind2=" ">
    <subfield code="0">0</subfield>
    <subfield code="1">0</subfield>
    <subfield code="2">ddc</subfield>
    <subfield code="4">0</subfield>
    <subfield code="7">0</subfield>
    <subfield code="a">SEACOMMC</subfield>
    <subfield code="b">SEACOMMC</subfield>
    <subfield code="d">2007-12-15</subfield>
    <subfield code="l">0</subfield>
    <subfield code="o"> 658  C 454</subfield>
    <subfield code="p">M-1409</subfield>
    <subfield code="r">2024-12-28 14:29:28</subfield>
    <subfield code="t">1</subfield>
    <subfield code="w">2024-12-28</subfield>
    <subfield code="y">BOOK</subfield>
  </datafield>
  <datafield tag="952" ind1=" " ind2=" ">
    <subfield code="0">0</subfield>
    <subfield code="1">0</subfield>
    <subfield code="2">ddc</subfield>
    <subfield code="4">0</subfield>
    <subfield code="7">0</subfield>
    <subfield code="a">SEACOMMC</subfield>
    <subfield code="b">SEACOMMC</subfield>
    <subfield code="d">2007-12-15</subfield>
    <subfield code="l">0</subfield>
    <subfield code="o"> 658  C 454</subfield>
    <subfield code="p">M-1410</subfield>
    <subfield code="r">2024-12-28 14:29:28</subfield>
    <subfield code="t">2</subfield>
    <subfield code="w">2024-12-28</subfield>
    <subfield code="y">BOOK</subfield>
  </datafield>
  <datafield tag="952" ind1=" " ind2=" ">
    <subfield code="0">0</subfield>
    <subfield code="1">0</subfield>
    <subfield code="2">ddc</subfield>
    <subfield code="4">0</subfield>
    <subfield code="7">0</subfield>
    <subfield code="a">SEACOMMC</subfield>
    <subfield code="b">SEACOMMC</subfield>
    <subfield code="d">2007-12-15</subfield>
    <subfield code="l">0</subfield>
    <subfield code="o"> 658  C 454</subfield>
    <subfield code="p">M-1411</subfield>
    <subfield code="r">2024-12-28 14:29:28</subfield>
    <subfield code="t">3</subfield>
    <subfield code="w">2024-12-28</subfield>
    <subfield code="y">BOOK</subfield>
  </datafield>
  <datafield tag="952" ind1=" " ind2=" ">
    <subfield code="0">0</subfield>
    <subfield code="1">0</subfield>
    <subfield code="2">ddc</subfield>
    <subfield code="4">0</subfield>
    <subfield code="7">0</subfield>
    <subfield code="a">SEACOMMC</subfield>
    <subfield code="b">SEACOMMC</subfield>
    <subfield code="d">2007-12-15</subfield>
    <subfield code="l">0</subfield>
    <subfield code="o"> 658  C 454</subfield>
    <subfield code="p">M-1412</subfield>
    <subfield code="r">2024-12-28 14:29:28</subfield>
    <subfield code="t">4</subfield>
    <subfield code="w">2024-12-28</subfield>
    <subfield code="y">BOOK</subfield>
  </datafield>
  <datafield tag="952" ind1=" " ind2=" ">
    <subfield code="0">0</subfield>
    <subfield code="1">0</subfield>
    <subfield code="2">ddc</subfield>
    <subfield code="4">0</subfield>
    <subfield code="7">0</subfield>
    <subfield code="a">SEACOMMC</subfield>
    <subfield code="b">SEACOMMC</subfield>
    <subfield code="d">2007-12-15</subfield>
    <subfield code="l">0</subfield>
    <subfield code="o"> 658  C 454</subfield>
    <subfield code="p">M-1413</subfield>
    <subfield code="r">2024-12-28 14:29:28</subfield>
    <subfield code="t">5</subfield>
    <subfield code="w">2024-12-28</subfield>
    <subfield code="y">BOOK</subfield>
  </datafield>
  <datafield tag="952" ind1=" " ind2=" ">
    <subfield code="0">0</subfield>
    <subfield code="1">0</subfield>
    <subfield code="2">ddc</subfield>
    <subfield code="4">0</subfield>
    <subfield code="7">0</subfield>
    <subfield code="a">SEACOMMC</subfield>
    <subfield code="b">SEACOMMC</subfield>
    <subfield code="d">2007-12-15</subfield>
    <subfield code="l">0</subfield>
    <subfield code="o"> 658  C 454</subfield>
    <subfield code="p">M-1414</subfield>
    <subfield code="r">2024-12-28 14:29:28</subfield>
    <subfield code="t">6</subfield>
    <subfield code="w">2024-12-28</subfield>
    <subfield code="y">BOOK</subfield>
  </datafield>
  <datafield tag="999" ind1=" " ind2=" ">
    <subfield code="c">950</subfield>
    <subfield code="d">950</subfield>
  </datafield>
</record>
